00675nam a2200181 i 4500001000700000003000900007005001700016007000300033008004100036100002600077245012100103260003700224300002200261700003700283852003200320999001900352952012200371134779ES-MaACL20250715193709.0t|070913s1970 sp ||||1| spa d1 aWeiss, Peter.911640910aPersecución y asesinato de Jean-Paul Marat / cPeter Weiss ; [traducción y adaptación teatral Alfonso Sastre]. a[Barcelona : bGrijalbo, c1970] a173 p. ; c18 cm.1 aSastre, Alfonso, d1926-9103915 aES-MaACLjC-40695 bR.75080 c134779d134779 00104070aATENEOMbATENEOMcDEPO2d2008-01-17eSCl0oC-40695p1140288r2023-02-23 00:00:00w2023-02-23yMONOGRAFIA